=LDR 00000nam 2200000 4500 =001 INLIS000000000012235 =005 20130612103754 =008 ***********************************Ind** =035 ##$$0010-061300000012235 =041 ##$$a Ind =082 ##$$a 541.307 6 =090 ##$$a 541.307 6, Bir p =100 ##$$a Bird, Tony =245 ##$$a Penentuan praktikum kimia fisika untuk Universitas, Tony Bird ; oleh bahasa, Kwee Ie Tjien =260 ##$$a 1987 $b Jakarta =300 ##$$a 138 hlm, 24 cm =650 ##$$a Kimia Fisika dan teoritis =700 ##$$a Kwee Ie Tjien =850 ##$$a NBPNMAT